000 00887nam a22002772 4500
001 16081
003 UkOxU
005 20211208235941.0
008 140211s1978 fr a b 000 0 eng d
020 _a9232016125
035 _aOCLC ocm04877392 from D961024M
_a(BD-RjUL)16136
040 _aDLC
_cDLC
_dBD-RjUL
_beng
041 1 _aengita
082 _a722.4
_bSES 1978
100 1 _aSestini, Valerio
_949780
245 1 0 _aSherpa architecture /
_cValerio Sestini and Enzo Somigli ; translated from Italian by Timothy Paterson.
260 _aParis :
_bUnesco,
_cc1978.
300 _a78 p. :
_bill. ;
_c22 cm.
504 _aBibliography: p.77-78.
650 0 _aArchitecture, Sherpa
_zNepal
_zKhumbu Valley.
_949781
650 0 _aArchitecture
_zNepal
_zKhumbu Valley.
_949782
700 1 _aSomigli, Enzo.
_949783
942 _2ddc
_cBK
999 _c16081
_d16081